The changing effects on domestic energy expenditure from housing characteristics and the recent rapid energy price movements (Record no. 114573)
[ view plain ]
| 000 -LEADER | |
|---|---|
| fixed length control field | 01267cad a22002175a 4500 |
| 001 - CONTROL NUMBER | |
| control field | L157072 |
| 008 - FIXED-LENGTH DATA ELEMENTS--GENERAL INFORMATION | |
| fixed length control field | 120829s2012 xxk f 000 0 eng d |
| 020 ## - INTERNATIONAL STANDARD BOOK NUMBER | |
| International Standard Book Number | 9781842198087 |
| 035 ## - SYSTEM CONTROL NUMBER | |
| System control number | (Sirsi) u157072 |
| 041 0# - LANGUAGE CODE | |
| Language code of text/sound track or separate title | eng |
| 100 1# - MAIN ENTRY--PERSONAL NAME | |
| Personal name | Thanos, Sotirios |
| 245 04 - TITLE STATEMENT | |
| Title | The changing effects on domestic energy expenditure from housing characteristics and the recent rapid energy price movements |
| Medium | [electronic resource] |
| 260 ## - PUBLICATION, DISTRIBUTION, ETC. | |
| Place of publication, distribution, etc. | London |
| Name of publisher, distributor, etc. | RICS |
| Date of publication, distribution, etc. | 2012 |
| 490 #0 - SERIES STATEMENT | |
| Series statement | RICS Research |
| 520 ## - SUMMARY, ETC. | |
| Summary, etc. | Looks at econometric models for domestic energy expenditure in the UK. These models include a number of relevant household socioeconomics characteristics along with income levels. The research focuses on the effects of dwelling attributes on energy spending, aiming to produce policy relevant results. The paper also considers the significant events in the recent years that have directly and indirectly affected domestic energy use, such as rising oil and energy prices, the subsequent economic crisis and the Russia-Ukraine gas dispute. |
| 651 #4 - SUBJECT ADDED ENTRY--GEOGRAPHIC NAME | |
| Geographic name | United Kingdom |
| Chronological subdivision | |
| 690 ## - LOCAL SUBJECT ADDED ENTRY--TOPICAL TERM (OCLC, RLIN) | |
| Topical term or geographic name as entry element | Energy |
| 9 (RLIN) | 6237 |
| 700 1# - ADDED ENTRY--PERSONAL NAME | |
| Personal name | Dunse, Neil A. |
| 856 40 - ELECTRONIC LOCATION AND ACCESS | |
| Uniform Resource Identifier | <a href="https://www.rics.org/Global/Energy_Expenditure_170512_dwl_aj.pdf">https://www.rics.org/Global/Energy_Expenditure_170512_dwl_aj.pdf</a> |
| Public note | View the item free of charge at www.rics.org |
| 942 ## - ADDED ENTRY ELEMENTS (KOHA) | |
| Suppress in OPAC | 0 |
| Withdrawn status | Lost status | Source of classification or shelving scheme | Damaged status | Not for loan | Home library | Current library | Shelving location | Date acquired | Total Checkouts | Full call number | Barcode | Date last seen | Copy number | Price effective from | Koha item type |
|---|---|---|---|---|---|---|---|---|---|---|---|---|---|---|---|
| Dewey Decimal Classification | Virtual | Virtual | Online | 29/08/2012 | ONLINE PUBLICATION | 157072-2001 | 06/08/2019 | 1 | 06/08/2019 | Book |